Регионална библиотека "Любен Каравелов" - Русе

Преславска книжовна школа (Запис номер 111769)

MARC детайли
000 -Лидер
Контролно поле с фиксирана дължина 02276nam a2200349 c 4500
003 - Код на организацията, давaща контролен номер
Контролно поле BLK
005 - Дата и час на последна редакция
Контролно поле 20180422110042.0
008 - Елементи от данни с фиксирана дължина
fixed length control field 180409b bul|||||r ||||||| ||bul||
010 ## - Наследен системен номер
LC control number KNG00117119000
020 ## - Международен стандартен номер на книга ISBN
Международен стандартен номер на книга ISBN 954-430-992-6
-- издат.: Акад. изд. Проф. Марин Дринов - на том(т. 7)
040 ## - Източник на каталожния запис
Идентификатор на билиотеката - собственик на записа BLK
041 ## - Код за език
Код за езика на текст/звукозапис или на отделно заглавие Български
Код за езика КДБФ Български
080 ## - УДК
Текстов определител УДК Българска литература
УДК код - определител по УДК 821.163.2
УДК определител (091)(063)
УДК - код + определител 821.163.2(091)(063)
080 ## - УДК
Текстов определител УДК Паметници на културата на историческите периоди. Археологическите паметници. Старини
УДК код - определител по УДК 904
УДК определител (497.21-21)
УДК - код + определител 904(497.21-21)
139 ## - Редно поле
Редна дума Преславска книжовна школа
Авторски знак Пред - П 86
245 10 - Сведения за заглавието
Заглавие Преславска книжовна школа
Подзаглавни данни Изследвания и материали : Т. 1 -
Редно поле (дума) под ред. на на том Тотю Косев Тотев.
Том Т. 7
Заглавие на том Изследвания в памет на професор Иван Гълъбов
257 ## - Страна на издаване
Страна на създаване/издаване България
260 ## - Област на издателските данни
-- София
Име на издателя, разпространителя и проч. Унив. изд. Св. Климент Охридски
Година на издаване 1995 -
300 ## - Физическа характеристика
Размери/Мащаб 24 см
380 ## - Жанр
Жанр Литературознание
650 #4 - Допълнително описание по предмет – тема
Основно описание – тема или топоним Старобългарска литература - конференции
9 (RLIN) 255097
650 #4 - Допълнително описание по предмет – тема
Основно описание – тема или топоним Преслав - история
9 (RLIN) 252205
653 ## - Ключова дума – ненормативна
Ключова дума старобългарска литература
653 ## - Ключова дума – ненормативна
Ключова дума конференции
700 1# - Други автори (авторска отговорност)
Лично име Тотев, Тотю Косев
Автороска отговорност (Описва отношението между автора и произведението) под ред. на на том
9 (RLIN) 365651
760 1# - Описание на основната серия
-- - на том(т. 7)
Място на издаване, издател и година София, Акад. изд. Проф. Марин Дринов, 2004
Страници - том 448 с. : с ил., табл., сх., 24 см
Забележка - том Изд. на Шуменски унив. Епископ Константин Преславски. Науч. център Преславска книжовна школа. - Текст и на рус., нем. ез. - Съдържа и In memorium / М. Тихова. - Библиогр. след отд. докл. и под линия ; Рез. на англ., нем. ез.
Заглавие Т. 7 Изследвания в памет на професор Иван Гълъбов
852 ## - Местоположение
Форматна сигнатура Цб 188142
856 4# - Електронен адрес и достъп
Електронен формат pdf - файл
Път до файла /url/
856 4# - Електронен адрес и достъп
Електронен формат pdf - файл
Път до файла /url/
942 ## - АРТИКУЛИ
Вид на библиотечния материал Книги
Скрит в OPAC Не
944 ## - СЪЗДАВАНЕ И РЕДАКЦИЯ на ЗАПИСА
Създаване/Редакция Създаване
Дата на регистрацията/редакция 24.01.2005
Служител, извършил регистрацията/редакцията Геновева_Генчева
944 ## - СЪЗДАВАНЕ И РЕДАКЦИЯ на ЗАПИСА
Създаване/Редакция Редакция
Дата на регистрацията/редакция 02.11.2005
Служител, извършил регистрацията/редакцията
999 ## - СИСТЕМНИ КОНТРОЛНИ НОМЕРА
Koha biblionumber 111769
Koha biblioitemnumber 111769
Наличности
Код за отписване Код за изгубен артикул Код за повреда Коз за рестрикции Код за отдаване Артикулен № Име на библиотеката - собственик Име на библиотеката, в която се намира в момента Статус (Текущо местоположение) Дата на вписване в системата Местоположение - отдел Цена в лева Инвентарен номер Систематично азбучна сигнатура Баркод Номер на екземпляра Цена в евро Служебна бележка Служебен тип на артикула
  Не е изгубен Не е повреден без рестрикции ползва се в читалня 179433 Регионална библиотека "Любен Каравелов" Русе Регионална библиотека "Любен Каравелов" Русе Хранилище 2005-01-24 Хранилище 0.00 120000691373 Цб 188142 120000691373 1 0.00 Дост: Dp Вид: Д N: 13 Дата: 17.03.2004 Книги
Vip Innovations Ltd, Rousse, Bulgaria 2025